00299nam a2200097Ia 4500008004100000082001600041100002000057245006000077260005300137300001100190191014s9999 xx 000 0 und d a515.15bTAL aDr.M.N.M.Talpur 0aCalculus and Analytical Geometry (For B.A/Bsc.Students) aPakistanbAbdus Salam at Ferozsons Pvt Ltdc1982 aIx,489